| 000 | 01020cam a2200229 4500 | ||
|---|---|---|---|
| 001 | ABS66688 | ||
| 008 | 030530n2003 000 0 eng u | ||
| 035 | _a(Sirsi) u122477 | ||
| 100 | _aMazzarol, T. | ||
| 245 | 2 | _aA study of the factors influencing the operating location decisions of small firms | |
| 260 | _c2003 | ||
| 490 |
_aProperty Management _v21(2) 2003, 190-208(19) |
||
| 520 | _aInvestigates the purchase of industrial real estate by small to medium enterprises. Using a range of samples, highlights the subjective decision making associated with the smaller firms compared with the 'buying-centre' objectivity of the larger firms. Points out that developers of industrial land should understand the needs of small firms and discusses implications for future research. Tables and references. | ||
| 590 | _aABS | ||
| 650 | _aDECISION MAKING | ||
| 650 | _aSMES | ||
| 650 | _aSMALL BUSINESSES | ||
| 650 | _aLOCATION | ||
| 690 | _aPROPERTY-PROPERTY DEVELOPMENT | ||
| 700 | _aChoo, S. | ||
| 942 | _n0 | ||
| 999 |
_c72801 _d72801 |
||